[Event "Cheliabinsk Kibizov Memorial 6th"]
[Site "Cheliabinsk"]
[Date "2011.07.02"]
[Round "9"]
[White "Riabinova, Anna"]
[Black "Panov, Maxim"]
[Result "0-1"]
[WhiteElo "1869"]
[BlackElo "2032"]
[PlyCount "68"]
[EventDate "2011.06.24"]
[EventType "swiss"]
[EventRounds "9"]
[EventCountry "RUS"]
[SourceTitle "EXT 2022"]
[Source "ChessBase"]
[SourceDate "2021.10.06"]
[SourceVersion "1"]
[SourceVersionDate "2021.10.06"]
[SourceQuality "1"]

1. d4 Nf6 2. c4 g6 3. Nc3 Bg7 4. e4 d6 5. f3 0-0 6. Be3 e5 7. d5 Nbd7 8. Qd2 a6 9. Bd3 Rb8 10. b4 Nh5 11. Nge2 f5 12. 0-0-0 c5 13. b5 Ra8 14. Qb2 axb5 15. Nxb5 Ra6 16. Nec3 Ndf6 17. Qc2 fxe4 18. Bxe4 Bd7 19. Nxd6 Rxd6 20. Bxc5 Ra6 21. Bxf8 Qxf8 22. Kb1 Qc5 23. Bd3 Nf4 24. Ka1 Nxd3 25. Qxd3 e4 26. Qd2 exf3 27. gxf3 Bf5 28. Rc1 Qxc4 29. d6 Nd7 30. Rhe1 Kf8 31. Re7 Rxd6 32. Qe1 Bxc3+ 33. Rxc3 Rd1+ 34. Kb2 Rxe1 0-1

[Event "Cheliabinsk Kibizov Memorial 6th"]
[Site "Cheliabinsk"]
[Date "2011.06.26"]
[Round "3"]
[White "Panov, Maxim"]
[Black "Inyakin, Gennady"]
[Result "1-0"]
[WhiteElo "2032"]
[BlackElo "1765"]
[PlyCount "69"]
[EventDate "2011.06.24"]
[EventType "swiss"]
[EventRounds "9"]
[EventCountry "RUS"]
[SourceTitle "EXT 2022"]
[Source "ChessBase"]
[SourceDate "2021.10.06"]
[SourceVersion "1"]
[SourceVersionDate "2021.10.06"]
[SourceQuality "1"]

1. c4 Nf6 2. g3 g6 3. Bg2 Bg7 4. Nc3 c6 5. e4 d6 6. Nge2 b6 7. 0-0 Bg4 8. h3 Be6 9. d3 Qc8 10. Kh2 Na6 11. f4 0-0 12. Be3 Nc5 13. Qd2 h5 14. d4 Nb7 15. d5 cxd5 16. cxd5 Bd7 17. f5 gxf5 18. Bh6 Nh7 19. Bxg7 Kxg7 20. Nf4 h4 21. Nh5+ Kh8 22. Qh6 hxg3+ 23. Nxg3 Rg8 24. exf5 Qf8 25. Qh4 Qg7 26. Nce4 Nc5 27. f6 Qg6 28. Nxc5 dxc5 29. fxe7 Rg7 30. Be4 Qg5 31. Qxg5 Nxg5 32. Bf5 Bxf5 33. Rxf5 Rag8 34. d6 f6 35. Re1 1-0

[Event "Cheliabinsk-ch"]
[Site "Cheliabinsk"]
[Date "2011.03.06"]
[Round "9"]
[White "Shnayder, Violetta"]
[Black "Panov, Maxim"]
[Result "0-1"]
[WhiteElo "1870"]
[BlackElo "1925"]
[PlyCount "64"]
[EventDate "2011.02.26"]
[EventType "swiss"]
[EventRounds "9"]
[EventCountry "RUS"]
[SourceTitle "CBM 141 Extra"]
[Source "ChessBase"]
[SourceDate "2011.05.03"]
[SourceVersion "1"]
[SourceVersionDate "2011.05.03"]
[SourceQuality "1"]

1. e4 d5 2. exd5 Nf6 3. Nc3 Nxd5 4. d4 Nb6 5. Nf3 g6 6. Ne4 Bg7 7. c3 0-0 8. Be2 Nc6 9. 0-0 h6 10. Be3 Kh7 11. Qc1 f5 12. Nc5 Nd5 13. c4 Nxe3 14. fxe3 e5 15. d5 Ne7 16. Rd1 Qd6 17. Na4 c5 18. dxc6 Qxc6 19. Qc2 Be6 20. c5 Nd5 21. Rxd5 Bxd5 22. Rd1 Be4 23. Qb3 Rad8 24. Nd2 a6 25. Nxe4 Qxe4 26. Re1 Rd2 27. Bf3 Qh4 28. Rf1 e4 29. Bd1 Rfd8 30. Nc3 Be5 31. Qf7+ Kh8 32. h3 Rxg2+ 0-1

[Event "Cheliabinsk-ch"]
[Site "Cheliabinsk"]
[Date "2011.03.01"]
[Round "4"]
[White "Tsiulin, Viktor"]
[Black "Panov, Maxim"]
[Result "0-1"]
[WhiteElo "2106"]
[BlackElo "1925"]
[PlyCount "40"]
[EventDate "2011.02.26"]
[EventType "swiss"]
[EventRounds "9"]
[EventCountry "RUS"]
[SourceTitle "CBM 141 Extra"]
[Source "ChessBase"]
[SourceDate "2011.05.03"]
[SourceVersion "1"]
[SourceVersionDate "2011.05.03"]
[SourceQuality "1"]

1. c4 Nf6 2. Nc3 g6 3. g3 Bg7 4. Bg2 0-0 5. d4 d6 6. Nf3 c6 7. 0-0 Nbd7 8. h3 e5 9. dxe5 dxe5 10. Be3 Qe7 11. Qd2 Nc5 12. Rfd1 Nce4 13. Nxe4 Nxe4 14. Qc2 f5 15. Ne1 Ng5 16. Qd2 f4 17. gxf4 Nxh3+ 18. Bxh3 Bxh3 19. Nd3 Qh4 20. Ne1 Qg4+ 0-1

[Event "Cheliabinsk-ch"]
[Site "Cheliabinsk"]
[Date "2011.02.28"]
[Round "3"]
[White "Gorbushin, Maksim"]
[Black "Panov, Maxim"]
[Result "1/2-1/2"]
[WhiteElo "2061"]
[BlackElo "1925"]
[PlyCount "122"]
[EventDate "2011.02.26"]
[EventType "swiss"]
[EventRounds "9"]
[EventCountry "RUS"]
[SourceTitle "CBM 141 Extra"]
[Source "ChessBase"]
[SourceDate "2011.05.03"]
[SourceVersion "1"]
[SourceVersionDate "2011.05.03"]
[SourceQuality "1"]

1. c4 Nf6 2. Nc3 g6 3. g3 Bg7 4. Bg2 0-0 5. e4 d6 6. Nge2 e5 7. 0-0 Be6 8. d3 c6 9. f4 Qd7 10. Rb1 Ne8 11. Be3 Na6 12. b3 Nac7 13. d4 exd4 14. Bxd4 f5 15. Bxg7 Nxg7 16. Qd2 Rad8 17. Rbd1 Qf7 18. Qe3 a6 19. Rd2 b5 20. cxb5 axb5 21. Qb6 fxe4 22. Nxe4 Bd5 23. N2c3 Qd7 24. Qd4 Qe7 25. Nxd5 Nxd5 26. Ng5 Qe3+ 27. Qxe3 Nxe3 28. Rc1 Nxg2 29. Kxg2 c5 30. Rcd1 Nf5 31. Kf3 Rfe8 32. Ne4 Nd4+ 33. Rxd4 cxd4 34. Nf6+ Kf7 35. Nxe8 Kxe8 36. Rxd4 Kd7 37. a4 bxa4 38. Rxa4 Ke6 39. Ra7 h5 40. Rg7 Kf6 41. Rc7 Rb8 42. Rc3 Ke6 43. g4 Rb4 44. h3 Kd5 45. Rd3+ Ke6 46. Kg3 d5 47. Re3+ Kf6 48. Rf3 Ke6 49. f5+ gxf5 50. gxf5+ Kf6 51. Kf2 Re4 52. Kf1 Re8 53. Kg2 Rg8+ 54. Kf2 Re8 55. Re3 Rb8 56. Rf3 Re8 57. Kg3 Re4 58. Rd3 Re5 59. Rf3 Re4 60. Kf2 Re8 61. Re3 Rb8 1/2-1/2

[Event "Cheliabinsk Kibizov Memorial 5th"]
[Site "Cheliabinsk"]
[Date "2010.06.25"]
[Round "2"]
[White "Vanishvili, Mari"]
[Black "Panov, Maxim"]
[Result "1/2-1/2"]
[WhiteElo "1824"]
[BlackElo "2006"]
[PlyCount "130"]
[EventDate "2010.06.24"]
[EventType "swiss"]
[EventRounds "9"]
[EventCountry "RUS"]
[SourceTitle "EXT 2012"]
[Source "ChessBase"]
[SourceDate "2011.11.24"]
[SourceVersion "1"]
[SourceVersionDate "2011.11.24"]
[SourceQuality "1"]

1. e4 d5 2. exd5 Nf6 3. d4 Nxd5 4. c4 Nb6 5. c5 Nd5 6. Nc3 g6 7. Bc4 c6 8. Nf3 Bg7 9. 0-0 0-0 10. h3 Nxc3 11. bxc3 b6 12. cxb6 axb6 13. Re1 Ba6 14. Bb3 e6 15. Ng5 Ra7 16. Qf3 Qf6 17. Qg3 h6 18. Ne4 Qe7 19. Bf4 Qd8 20. h4 Nd7 21. h5 g5 22. Bd6 Re8 23. Bb4 Nf6 24. Nd6 Nxh5 25. Qf3 Nf4 26. Nxe8 Qxe8 27. Bd6 Ng6 28. Rad1 Qd7 29. Bg3 Bb7 30. Qe3 Ne7 31. Be5 Nf5 32. Qc1 Qc8 33. Bxg7 Kxg7 34. c4 Qd8 35. Qb2 Qf6 36. Re2 Ba6 37. Red2 Rd7 38. d5 exd5 39. cxd5 c5 40. Ba4 Rd6 41. Bc6 Nd4 42. Rc1 Qf4 43. Rcd1 Qg4 44. Rxd4 cxd4 45. Qxd4+ Qxd4 46. Rxd4 Kf6 47. Rb4 Ke5 48. Rxb6 Bc4 49. Rb2 Bxd5 50. Re2+ Kf6 51. Bxd5 Rxd5 52. Kh2 Rd6 53. f3 h5 54. Kg1 Kf5 55. Kf2 Ra6 56. Rb2 h4 57. Ke3 Ra3+ 58. Kd4 Kf4 59. Kc4 f5 60. Kb4 Rd3 61. a4 g4 62. fxg4 fxg4 63. a5 Rd1 64. Ra2 Kg3 65. a6 Rd8 1/2-1/2